| 000 | 01864nam a22004457a 4500 | ||
|---|---|---|---|
| 003 | CHAP | ||
| 005 | 20220329135654.0 | ||
| 008 | 971013s1954 r 00010 d | ||
| 010 | _a40298 | ||
| 011 | _a41270 | ||
| 035 | _a45396 | ||
| 040 | _cCHAP | ||
| 082 |
_a631.44 _bE88 |
||
| 110 |
_aE.U.A. Salinity Laboratory _934963 |
||
| 245 | _aDiagnosis and improvement of saline and alkali soils | ||
| 260 |
_aWashington : _bDepartment of Agriculture, _c1954 |
||
| 300 |
_a160 p. _b: ilus. |
||
| 490 |
_aAgriculture handbook _v; 60 |
||
| 590 |
_aBATCH-UPD _b10 _c20130110 _lUCH01 _h1851 |
||
| 590 |
_aBATCH-UPD _b10 _c20130410 _lUCH01 _h1220 |
||
| 590 |
_aBATCH-UPD _b10 _c20130914 _lUCH01 _h2004 |
||
| 590 |
_aCONVERSION _b10 _c20130109 _lUCH01 _h1322 |
||
| 650 | 1 | 4 |
_aSuelos salinos. _9110558 |
| 650 | 1 | 4 |
_aSuelos sódicos. _9110560 |
| 700 | 0 |
_aRichards, L. A. _eed. _997253 |
|
| 830 | 0 |
_aAgriculture handbook _v; 60 _92127 |
|
| 901 | _aBK | ||
| 942 | _cLIBRO | ||
| 949 |
_a631.44 E88 _bBC _cLIBRO _d33724000071122 _eLIBRO _fc.2 _h21262 _i45396 _si |
||
| 949 |
_a631.44 E88 _bBC _cLIBRO _d33724000071130 _eLIBRO _h21261 _i45396 _si |
||
| 949 |
_a631.44 E88 _bBC _cLIBRO _d33724000071148 _eLIBRO _fc.3 _h21263 _i45396 _si |
||
| 949 |
_a631.44 E88 _bBC _cLIBRO _d33724000071155 _eLIBRO _fc.4 _h21264 _i45396 _si |
||
| 949 |
_a631.44 E88 _bBC _cLIBRO _d33724000071163 _eLIBRO _fc.5 _h21265 _i45396 _si |
||
| 949 |
_a631.44 E88 _bBC _cLIBRO _d33724000071239 _eLIBRO _fc.11 _h27888 _i45396 _si |
||
| 949 |
_a631.44 E88 _bBC _cLIBRO _d33724000071247 _eLIBRO _fc.10 _h21270 _i45396 _si |
||
| 949 |
_a631.44 E88 _bBC _cLIBRO _d33724000071254 _eLIBRO _fc.9 _h21269 _i45396 _si |
||
| 949 |
_a631.44 E88 _bBC _cLIBRO _d33724000071262 _eLIBRO _fc.8 _h21268 _i45396 _si |
||
| 949 |
_a631.44 E88 _bBC _cLIBRO _d33724000071270 _eLIBRO _fc.7 _h21267 _i45396 _si |
||
| 949 |
_a631.44 E88 _bBC _cLIBRO _d33724000071288 _eLIBRO _fc.6 _h21266 _i45396 _si |
||
| 999 |
_c40298 _d40298 |
||